Spain National Football Team - Statistics

General Stats
  • This quiz has been taken 3,860 times
    321 since last reset
  • The average score is 12 of 18
Answer Stats
Goals Caps Player % Correct
14 131 Andrés Iniesta
97%
12 133 Xavi
97%
23 180 Sergio Ramos
95%
59 98 David Villa
93%
38 110 Fernando Torres
92%
23 53 Ferran Torres
90%
0 167 Iker Casillas
88%
2 143 Sergio Busquets
85%
44 102 Raúl
74%
37 87 Álvaro Morata
69%
16 114 Xabi Alonso
58%
35 125 David Silva
54%
15 110 Cesc Fàbregas
51%
29 89 Fernando Hierro
45%
26 69 Emilio Butragueño
40%
27 47 Fernando Morientes
38%
23 31 Alfredo Di Stéfano
32%
0 126 Andoni Zubizarreta
12%
No matching quizzes found
Score Distribution
Percent of People with Each Score
Percentile by Number Answered
Your Score History
You have not taken this quiz since the last reset